| 000 | 00487nam a2200157Ia 4500 | ||
|---|---|---|---|
| 003 | GCL | ||
| 008 | 140319s9999 xx 000 0 ara d | ||
| 040 |
_aGCL / _cGCL |
||
| 082 | 0 | 4 |
_a301.31 _bو ص |
| 100 | 1 | _aويبر, بيتر | |
| 245 | 1 | 0 |
_aصافى الخسائر فىالاسماك وفرص العمل والبيئة البحرية / _cويبر, بيتر |
| 700 | 1 | _aاكال | |
| 700 | 1 | _aامال كيلانى | |
| 300 | _a123 ص | ||
| 490 |
_aورلد واتش العربية _v0 |
||
| 999 |
_c48301 _d48301 |
||